| 000 | 00684nam a2200217 u 4500 | ||
|---|---|---|---|
| 005 | 20240320063642.0 | ||
| 008 | 121107s2007 r 000 0 eng d | ||
| 020 | _a9788484832409 | ||
| 035 | _aUPN01000188230 | ||
| 049 | _aI | ||
| 050 | 4 |
_aPZ71 _bG5.7 |
|
| 100 | 1 |
_aGil Martínez, Carmen, _d1964- _932973 |
|
| 245 | 1 | 3 |
_aEl pirata Patarata y su abuela Celestina / _cCarmen Gil ; il. de María Pascual. |
| 260 |
_aMadrid : _bEdiciones del laberinto, _c2007. |
||
| 300 |
_a63 p. : _bil. col. |
||
| 440 | 0 |
_aLabericuentos ; _v2. _pNaranja |
|
| 650 | 4 |
_aLiteratura infantil española _95892 |
|
| 650 | 0 |
_aPoesía infantil española _911100 |
|
| 905 | _aInfantil | ||
| 999 |
_c160333 _d160333 |
||